Dr. S. R. Lasker Library Online Catalogue

Home      Library Home      Institutional Repository      E-Resources      MyAthens      EWU Home

Annual edition : (Record no. 3003)

MARC details
000 -LEADER
fixed length control field 00879cam a2200301Ia 4500
001 - CONTROL NUMBER
control field 3003
003 - CONTROL NUMBER IDENTIFIER
control field BD-DhEWU
005 - DATE AND TIME OF LATEST TRANSACTION
control field 20140313211434.0
008 - FIXED-LENGTH DATA ELEMENTS--GENERAL INFORMATION
fixed length control field 110604s1994 n a g 001 0 eng d
020 ## - INTERNATIONAL STANDARD BOOK NUMBER
International Standard Book Number 15613425172
International Standard Book Number 9781561342570
035 ## - SYSTEM CONTROL NUMBER
System control number (OCoLC)30023670
040 ## - CATALOGING SOURCE
Original cataloging agency BD-DhEWU
Modifying agency BD-DhEWU
Language of cataloging eng
Transcribing agency BD-DhEWU
041 ## - LANGUAGE CODE
Language code of text/sound track or separate title eng
082 04 - DEWEY DECIMAL CLASSIFICATION NUMBER
Classification number 303.44
Item number ANN 1994
245 10 - TITLE STATEMENT
Title Annual edition :
Remainder of title third world; 1994-95 /
260 ## - PUBLICATION, DISTRIBUTION, ETC. (IMPRINT)
Place of publication, distribution, etc Connecticut :
Name of publisher, distributor, etc The Dushkin Publishing Group,
Date of publication, distribution, etc 1994
300 ## - PHYSICAL DESCRIPTION
Extent 240+6 :
Other physical details ill ;
Dimensions 26 cm.
504 ## - BIBLIOGRAPHY, ETC. NOTE
Bibliography, etc Includes index
526 ## - STUDY PROGRAM INFORMATION NOTE
Program name Sociology
590 ## - LOCAL NOTE (RLIN)
Local note Sagar Shahanawaz
653 #1 - INDEX TERM--UNCONTROLLED
Uncontrolled term Economics
Uncontrolled term Underdeveloped areas
655 ## - INDEX TERM--GENRE/FORM
Genre/form data or focus term Periodicals
9 (RLIN) 5531
856 ## - ELECTRONIC LOCATION AND ACCESS
Materials specified WorldCat details
Uniform Resource Identifier http://www.worldcat.org/title/third-world-9495/oclc/30023670&referer=brief_results
942 ## - ADDED ENTRY ELEMENTS (KOHA)
Koha item type Text
Source of classification or shelving scheme Dewey Decimal Classification
953 ## - Fulltext in GSDL
Is Fulltext Available in GSDL? Not Avaialable
Holdings
Withdrawn status Lost status Source of classification or shelving scheme Damaged status Not for loan Collection code Home library Current library Shelving location Date acquired Cost, normal purchase price Total Checkouts Full call number Barcode Copy number Koha item type
    Dewey Decimal Classification   Not For Loan Non-fiction Dr. S. R. Lasker Library, EWU Dr. S. R. Lasker Library, EWU Reserve Section 30/11/1996 0.00   303.4 4 ANN 1994 368 C-1 Ref.